TeleSur, comunicación y chavismo : los límites de un proyecto de comunicación estatal latinoamericano /
-д хадгалсан:
| Үндсэн зохиолч: | |
|---|---|
| Формат: | Цахим Цахим ном |
| Хэл сонгох: | испани |
| Хэвлэсэн: |
Ciudad de Buenos Aires :
Eudeba,
[2020]
|
| Хэвлэл: | Primera edición. |
| Цуврал: | Temas (Editorial Universitaria de Buenos Aires). Comunicación.
|
| Нөхцлүүд: | |
| Онлайн хандалт: | Digitalia Hispánica |
| Шошгууд: |
Шошго нэмэх
Шошго байхгүй, Энэхүү баримтыг шошголох эхний хүн болох!
|
MARC
| LEADER | 00000nam a2200000Ii 4500 | ||
|---|---|---|---|
| 001 | DIGEUDE237 | ||
| 003 | NyNyDIG | ||
| 006 | m o d | ||
| 007 | cr ||||||||||| | ||
| 008 | 230711s2020 ag ob 000 0 spa d | ||
| 035 | |a (OCoLC)1393997571 | ||
| 040 | |a DGITA |b eng |e rda |e pn |c DGITA | ||
| 020 | |a 9789502331157 |q edición digital (ePub) | ||
| 020 | |z 9789502331140 | ||
| 043 | |a s-ve--- | ||
| 050 | 1 | 4 | |a HE8689.9.V4 ebook |
| 100 | 1 | |a Henkel, Cristian, |e author. | |
| 245 | 1 | 0 | |a TeleSur, comunicación y chavismo : |b los límites de un proyecto de comunicación estatal latinoamericano / |c Cristian Henkel. |
| 250 | |a Primera edición. | ||
| 264 | 1 | |a Ciudad de Buenos Aires : |b Eudeba, |c [2020] | |
| 300 | |a 1 online resource. | ||
| 336 | |a text |b txt |2 rdacontent | ||
| 337 | |a computer |b c |2 rdamedia | ||
| 338 | |a online resource |b cr |2 rdacarrier | ||
| 347 | |a text file |2 rdaft | ||
| 347 | |b EPUB | ||
| 490 | 1 | |a Temas. Comunicación | |
| 504 | |a Includes bibliographical references. | ||
| 588 | 0 | |a Online resource; title from ePub title page (Digitalia, viewed July 11, 2023) | |
| 650 | 0 | |a Mass media |x Political aspects |z Venezuela. | |
| 650 | 0 | |a Public television |z Venezuela. | |
| 791 | 2 | |a Digitalia (Firm), |e distributor. | |
| 793 | 0 | |g Digitalia eBook Collection: |a Eudeba | |
| 776 | 0 | 8 | |i Print version: |a Henkel, Cristian. |t TeleSur, comunicación y chavismo. |b Primera edición. |d Ciudad de Buenos Aires : Eudeba, [2020] |z 9789502331140 |
| 830 | 0 | |a Temas (Editorial Universitaria de Buenos Aires). |p Comunicación. | |
| 856 | 4 | 0 | |3 Digitalia Hispánica |u https://digitalia.unach.elogim.com/a/128419/ |
| 910 | |a Premium collection: 2023 | ||